|
|
|
|
| LEADER |
00000nam a2200000 a 4500 |
| 001 |
UCL8998 |
| 003 |
CL-VaPUC |
| 008 |
040716e20030000AG |||||||||||||||||spa|d |
| 020 |
|
|
|a 9682324211
|
| 082 |
0 |
4 |
|a 370.1
|b GAD
|2 21
|
| 100 |
|
|
|a Gadotti, Moacir
|e author
|9 558194
|
| 700 |
0 |
|
|a Romao, José Eustáquio
|e author
|9 486879
|
| 245 |
1 |
0 |
|a Perspectivas actuales de la educación
|
| 250 |
|
|
|a 1a. ed
|
| 300 |
|
|
|a 404 p
|
| 942 |
|
|
|c BK
|
| 945 |
|
|
|d 20040716 00:00:00
|a cmena
|
| 260 |
|
|
|a Buenos Aires
|b Siglo XXI
|c 2003
|
| 650 |
|
0 |
|a Filosofía de la educación
|9 258384
|
| 650 |
|
0 |
|a Educación básica
|9 224933
|
| 650 |
|
0 |
|a Rol del docente
|9 329733
|
| 650 |
|
0 |
|a Cambio social
|9 256857
|
| 650 |
|
0 |
|a Métodos de enseñanza
|9 270413
|
| 650 |
|
0 |
|a Globalización
|9 361930
|
| 650 |
|
0 |
|a Innovaciones pedagógicas
|9 307471
|
| 650 |
|
0 |
|a Planificación de la educación
|9 307333
|
| 583 |
|
|
|a last modification
|c 20040716 00:00:00
|k Rodrigo Vera
|
| 490 |
0 |
|
|a Educación
|
| 999 |
|
|
|c 309998
|d 309996
|
| 952 |
|
|
|0 0
|1 0
|4 0
|6 370_100000000000000_GAD_2003
|7 0
|8 A
|9 378000
|a BIBEDU
|b BIBEDU
|d 2019-11-21
|i 4036891
|o 370.1 GAD 2003
|p 4036891
|r 2019-11-21
|w 2019-11-21
|y BK
|k EBA
|
| 952 |
|
|
|0 0
|1 0
|4 0
|6 370_100000000000000_GAD_2003
|7 0
|8 A
|9 378001
|a BIBEDU
|b BIBEDU
|d 2019-11-21
|i 4092635
|o 370.1 GAD 2003
|p 4092635
|r 2019-11-21
|w 2019-11-21
|y BK
|k PSI
|